<?xml version="1.0" encoding="UTF-8"?>
<record
    xmlns:xsi="http://www.w3.org/2001/XMLSchema-instance"
    xsi:schemaLocation="http://www.loc.gov/MARC21/slim http://www.loc.gov/standards/marcxml/schema/MARC21slim.xsd"
    xmlns="http://www.loc.gov/MARC21/slim">

  <leader>00506nam a2200217Ia 4500</leader>
  <controlfield tag="003">OSt</controlfield>
  <controlfield tag="005">20240913105949.0</controlfield>
  <controlfield tag="008">240126s9999    xx            000 0 und d</controlfield>
  <datafield tag="020" ind1=" " ind2=" ">
    <subfield code="a">9789350357415</subfield>
  </datafield>
  <datafield tag="040" ind1=" " ind2=" ">
    <subfield code="c">0</subfield>
  </datafield>
  <datafield tag="041" ind1=" " ind2=" ">
    <subfield code="a">English</subfield>
  </datafield>
  <datafield tag="082" ind1=" " ind2=" ">
    <subfield code="a">346.03  RAT;5</subfield>
  </datafield>
  <datafield tag="100" ind1=" " ind2=" ">
    <subfield code="a">Ratanlal. Dhirajlal. Sorabjee, Soli J.</subfield>
  </datafield>
  <datafield tag="245" ind1=" " ind2="4">
    <subfield code="a">The law of torts</subfield>
  </datafield>
  <datafield tag="250" ind1=" " ind2=" ">
    <subfield code="a">27th ed.</subfield>
  </datafield>
  <datafield tag="260" ind1=" " ind2=" ">
    <subfield code="b">Lexis Nexis</subfield>
    <subfield code="a">Haryana</subfield>
  </datafield>
  <datafield tag="300" ind1=" " ind2=" ">
    <subfield code="a">ccviii, 901</subfield>
  </datafield>
  <datafield tag="440" ind1=" " ind2=" ">
    <subfield code="a">NULL</subfield>
  </datafield>
  <datafield tag="650" ind1=" " ind2=" ">
    <subfield code="a">law,torts</subfield>
  </datafield>
  <datafield tag="942" ind1=" " ind2=" ">
    <subfield code="c">LL</subfield>
    <subfield code="2">ddc</subfield>
  </datafield>
  <datafield tag="999" ind1=" " ind2=" ">
    <subfield code="c">283684</subfield>
    <subfield code="d">283684</subfield>
  </datafield>
  <datafield tag="952" ind1=" " ind2=" ">
    <subfield code="r">2025-09-19 00:00:00</subfield>
    <subfield code="l">4</subfield>
    <subfield code="m">11</subfield>
    <subfield code="o">346.03  RAT;5</subfield>
    <subfield code="p">LL522</subfield>
    <subfield code="h">(08/07/1905)</subfield>
    <subfield code="s">2025-08-25</subfield>
    <subfield code="v">543.75</subfield>
    <subfield code="w">2024-01-26</subfield>
    <subfield code="y">LL</subfield>
    <subfield code="1">0</subfield>
    <subfield code="2">ddc</subfield>
    <subfield code="4">0</subfield>
    <subfield code="7">0</subfield>
    <subfield code="8">LAW</subfield>
    <subfield code="0">0</subfield>
    <subfield code="a">LAW</subfield>
    <subfield code="b">LAW</subfield>
    <subfield code="c">LAW</subfield>
    <subfield code="d">2018-01-06</subfield>
    <subfield code="e">Prajwal Books Suppliers</subfield>
    <subfield code="g">750.00</subfield>
    <subfield code="E">Law</subfield>
    <subfield code="K">140</subfield>
    <subfield code="G">RS</subfield>
    <subfield code="F">1</subfield>
    <subfield code="V">206.25</subfield>
    <subfield code="W">27.5</subfield>
  </datafield>
  <datafield tag="952" ind1=" " ind2=" ">
    <subfield code="r">2025-01-06 00:00:00</subfield>
    <subfield code="l">4</subfield>
    <subfield code="m">1</subfield>
    <subfield code="o">346.03  RAT;6</subfield>
    <subfield code="p">LL523</subfield>
    <subfield code="h">(08/07/1905)</subfield>
    <subfield code="s">2024-11-15</subfield>
    <subfield code="v">543.75</subfield>
    <subfield code="w">2024-01-26</subfield>
    <subfield code="y">LL</subfield>
    <subfield code="1">0</subfield>
    <subfield code="2">ddc</subfield>
    <subfield code="4">0</subfield>
    <subfield code="7">0</subfield>
    <subfield code="8">LAW</subfield>
    <subfield code="0">0</subfield>
    <subfield code="a">LAW</subfield>
    <subfield code="b">LAW</subfield>
    <subfield code="c">LAW</subfield>
    <subfield code="d">2018-01-06</subfield>
    <subfield code="e">Prajwal Books Suppliers</subfield>
    <subfield code="g">750.00</subfield>
    <subfield code="E">Law</subfield>
    <subfield code="K">140</subfield>
    <subfield code="G">RS</subfield>
    <subfield code="F">1</subfield>
    <subfield code="V">206.25</subfield>
    <subfield code="W">27.5</subfield>
  </datafield>
</record>
